Central Library, Doon University
WEBOPAC (ONLINE PUBLIC ACCESS CATALOGUE)

Human Resource Management (Record no. 61015)

MARC details
000 -LEADER
fixed length control field 00463nam a22001817a 4500
005 - DATE & TIME
control field 20260604133344.0
008 - FIXED-LENGTH DATA ELEMENTS--GENERAL INFORMATION
fixed length control field 260604b |||||||| |||| 00| 0 eng d
020 ## - ISBN
International Standard Book Number 9789384640996
Price 2195.00
040 ## - CATALOGING SOURCE
Original cataloging agency Doon University
041 ## - Language
Language English
082 ## - DDC NUMBER
Classification number 658.3
Book Number RAV
100 ## - MAIN ENTRY--PERSONAL NAME
Personal name Ravinder, Kumar
245 ## - TITLE STATEMENT
Title Human Resource Management
260 ## - PUBLICATION, DISTRIBUTION, ETC. (IMPRINT)
Place of publication, distribution, etc New Delhi
Name of publisher, distributor, etc Blackwell Press
Date of publication, distribution, etc 2025
300 ## - PHYSICAL DESCRIPTION
Pages 386
650 ## - Subject
Subject Management (PM USHA)
942 ## - ADDED ENTRY ELEMENTS (KOHA)
Koha item type Books
100 ## - MAIN ENTRY--PERSONAL NAME
-- 25286
650 ## - Subject
-- 27020
952 ## - LOCATION AND ITEM INFORMATION (KOHA)
-- 2026-06-04
952 ## - LOCATION AND ITEM INFORMATION (KOHA)
-- 2026-06-04
952 ## - LOCATION AND ITEM INFORMATION (KOHA)
-- 2026-06-04
952 ## - LOCATION AND ITEM INFORMATION (KOHA)
-- 2026-06-04
952 ## - LOCATION AND ITEM INFORMATION (KOHA)
-- 2026-06-04
Holdings
Withdrawn status Lost status Source of classification or shelving scheme Damaged status Not for loan Location (home branch) Sublocation or collection (holding branch) Date acquired Koha issues (times borrowed) Koha full call number Accession No. Koha date last seen Koha item type
          Doon University Doon University 04.06.2026   658.3 RAV 34372 04.06.2026 Books
          Doon University Doon University 04.06.2026   658.3 RAV 34373 04.06.2026 Books
          Doon University Doon University 04.06.2026   658.3 RAV 34374 04.06.2026 Books
          Doon University Doon University 04.06.2026   658.3 RAV 34375 04.06.2026 Books
          Doon University Doon University 04.06.2026   658.3 RAV 34376 04.06.2026 Books
Contact : +91-135-2533126 (Library),+91-135-2533105 (Admin Office) , Email : doonlibrary@gmail.com

Powered by Koha